000
00252 a2200109 4500
001
65293
082
_a
891.4393TAR
090
_c
38322
_d
38322
100
_a
Qasmi Ahmad Nadeem ; Tarar Hussain
245
_a
Bay Izzati Kharab
260
_b
Sang-e-Meel
942
_a
NUST-CAE
_k
891.4393TAR
999
_c
300366
_d
300366